Zink / (Record no. 6259)

MARC details
000 -LEADER
fixed length control field 00977nam a22002897a 4500
001 - CONTROL NUMBER
control field 6259
003 - CONTROL NUMBER IDENTIFIER
control field FISKH
005 - DATE AND TIME OF LATEST TRANSACTION
control field 20250407132209.0
008 - FIXED-LENGTH DATA ELEMENTS--GENERAL INFORMATION
fixed length control field 250407b cb ||||| |||| 00| 0 eng d
020 ## - INTERNATIONAL STANDARD BOOK NUMBER
International Standard Book Number 9780440228103
040 ## - CATALOGING SOURCE
Original cataloging agency FISKH
Language of cataloging eng
Transcribing agency FISKH
Modifying agency FISKH
050 ## - LIBRARY OF CONGRESS CALL NUMBER
Classification number PZ7.B43912 Z
082 ## - DEWEY DECIMAL CLASSIFICATION NUMBER
Classification number 011.62
100 ## - MAIN ENTRY--PERSONAL NAME
Personal name Bennett, Cherie
Dates associated with a name (1960-)
245 ## - TITLE STATEMENT
Title Zink /
Statement of responsibility, etc. Cherie Bennett
250 ## - EDITION STATEMENT
Edition statement This edition first published in 1999
260 ## - PUBLICATION, DISTRIBUTION, ETC.
Place of publication, distribution, etc. New York :
Name of publisher, distributor, etc. A Yearling Book,
Date of publication, distribution, etc. 1999
300 ## - PHYSICAL DESCRIPTION
Extent 243 pages :
Dimensions 20 cm
505 ## - FORMATTED CONTENTS NOTE
Formatted contents note N<br/>
520 ## - SUMMARY, ETC.
Summary, etc. With the help of a trio of zebras from the Serengeti, sixth-grader Becky faces her battle with leukemia, her family's fears for her, her competition with a hypocritical classmate, and the possibility that she might die.<br/>
521 8# - TARGET AUDIENCE NOTE
Target audience note 580<br/>
Source Lexile<br/>
521 8# - TARGET AUDIENCE NOTE
Target audience note N<br/>
Source Raz-Plus<br/>
650 ## - SUBJECT ADDED ENTRY--TOPICAL TERM
Source of heading or term Realistic fiction
Topical term or geographic name entry element Past-library
650 ## - SUBJECT ADDED ENTRY--TOPICAL TERM
Source of heading or term Fiction Animal
Topical term or geographic name entry element Reread-mult
942 ## - ADDED ENTRY ELEMENTS (KOHA)
Source of classification or shelving scheme Dewey Decimal Classification
Koha item type Books
Suppress in OPAC No
Holdings
Withdrawn status Lost status Source of classification or shelving scheme Damaged status Not for loan Collection Home library Current library Shelving location Date acquired Total Checkouts Full call number Barcode Date last seen Copy number Price effective from Koha item type
    Dewey Decimal Classification     Juvenile Fiction Footprints International School Library Network Toul Tom Poung Campus Footprints International School Library Network Toul Tom Poung Campus TTP Primary Yellow Bookshelves 04/07/2025   BEN 011.62 PZ7.B43912 Z 2025-0992 04/07/2025 1 04/07/2025 Books